UBT Library

100 GREAT ARCHAEOLOGICAL DISCOVERIES (Record no. 39356)

000 -LEADER
fixed length control field 00304nam a22001337a 4500
008 - FIXED-LENGTH DATA ELEMENTS--GENERAL INFORMATION
fixed length control field 171222b xxu||||| |||| 00| 0 eng d
020 ## - INTERNATIONAL STANDARD BOOK NUMBER
International Standard Book Number 9780760700709
041 ## - LANGUAGE CODE
Language code of text/sound track or separate title eng
080 ## - UNIVERSAL DECIMAL CLASSIFICATION NUMBER
Universal Decimal Classification number 902
100 ## - Rafti
Rafti 45
101 ## - Shkurtesa
Shkurtesa ARK
245 ## - TITLE STATEMENT
Title 100 GREAT ARCHAEOLOGICAL DISCOVERIES
Statement of responsibility, etc BAHN,P.G
942 ## - ADDED ENTRY ELEMENTS (KOHA)
Source of classification or shelving scheme
Item type Books
Holdings
Withdrawn status Lost status Source of classification or shelving scheme Damaged status Not for loan Collection code Permanent location Current location Shelving location Date acquired Total Checkouts Full call number Barcode Date last seen Price effective from Koha item type
          Koleksioni i përgjithshem UBT - Lipjan UBT - Lipjan Koleksioni i përgjithshem 12/22/2017   902 BAH 002-2939934 12/22/2017 12/22/2017 Books
UBT Library © 2015-2024. All rights reserved University Education for Business and Technology